[Event "Srpska Republic-chT 1st League"]
[Site "Banja Dvorovi"]
[Date "2017.08.17"]
[Round "6.3"]
[White "Panic, Marko"]
[Black "Zivkovic, Milenko"]
[Result "0-1"]
[WhiteElo "2103"]
[BlackElo "1965"]
[PlyCount "68"]
[EventDate "2017.08.12"]
[EventType "team-tourn"]
[EventRounds "9"]
[EventCountry "BIH"]
[SourceTitle "EXT 2019"]
[Source "ChessBase"]
[SourceDate "2018.10.10"]
[SourceVersion "1"]
[SourceVersionDate "2018.10.10"]
[SourceQuality "1"]
[WhiteTeam "Brcko Jedinstvo"]
[BlackTeam "Derventa"]
[WhiteTeamCountry "BIH"]
[BlackTeamCountry "BIH"]

1. e4 e5 2. Nf3 Nc6 3. Bb5 Nf6 4. 0-0 d6 5. d4 exd4 6. e5 dxe5 7. Nxe5 Bd7 8. Nxd7 Qxd7 9. Re1+ Be7 10. Qe2 0-0 11. Bxc6 Qxc6 12. Qxe7 Rae8 13. Qb4 Rxe1+ 14. Qxe1 Re8 15. Qf1 Qxc2 16. Na3 Qf5 17. Bd2 a6 18. Rd1 h5 19. h3 c5 20. Bc1 b5 21. b3 Ne4 22. Bb2 Re6 23. Rd3 Rg6 24. Rf3 Qxf3 25. Bc1 Qxh3 26. f3 Nc3 27. Bf4 Nd5 28. Bd2 Qg3 29. Nc2 h4 30. Ne1 h3 31. Kh1 hxg2+ 32. Nxg2 c4 33. bxc4 bxc4 34. Bc1 c3 0-1

[Event "BIH-chT Cup"]
[Site "Banja Vrucica"]
[Date "2013.08.10"]
[Round "1"]
[White "Stojicic, Slavko"]
[Black "Panic, Marko"]
[Result "1-0"]
[WhiteElo "2115"]
[BlackElo "2111"]
[PlyCount "62"]
[EventDate "2013.08.10"]
[EventType "team-tourn"]
[EventRounds "9"]
[EventCountry "BIH"]
[SourceTitle "CBM 155 Extra"]
[Source "ChessBase"]
[SourceDate "2013.08.26"]
[SourceVersion "1"]
[SourceVersionDate "2013.08.26"]
[SourceQuality "1"]

1. e4 e5 2. Nf3 Nc6 3. Bb5 a6 4. Ba4 Nf6 5. 0-0 Be7 6. Re1 b5 7. Bb3 0-0 8. c3 d5 9. exd5 Nxd5 10. Nxe5 Nxe5 11. Rxe5 c6 12. Bxd5 cxd5 13. Qf3 Bb7 14. d4 Bd6 15. Re1 Qh4 16. g3 Qh3 17. Bf4 Rae8 18. Nd2 Bxf4 19. Qxf4 Re6 20. Rxe6 fxe6 21. Qe3 Rf6 22. f4 Bc6 23. Re1 h5 24. Nf3 Bd7 25. Qe5 Qg4 26. Nh4 Be8 27. Kg2 Bg6 28. h3 Be4+ 29. Kh2 Rxf4 30. hxg4 Rf2+ 31. Kg1 Rxb2 1-0